| 000 | 00855nam a2200241 i 4500 | ||
|---|---|---|---|
| 001 | 91961 | ||
| 003 | ES-MaACL | ||
| 005 | 20230906180850.0 | ||
| 007 | t| | ||
| 008 | 050310s2003 sp ||||1| spa d | ||
| 020 | _a84-472-0784-6 | ||
| 080 | _a791.44 Elías Riquelme, Francisco | ||
| 100 | 1 |
_aSánchez Oliveira, Enrique. _9102816 |
|
| 245 | 1 | 0 |
_aAproximación histórica al cineasta Francisco Elías Riquelme (1890-1977) / _cEnrique Sánchez Oliveira. |
| 260 |
_aSevilla : _bUniversidad de Sevilla, Secretariado de Publicaciones, _c2003. |
||
| 300 |
_a332 p. : _bil. ; _c24 cm. |
||
| 490 | 1 |
_aCiencias de la comunicación ; _v2 |
|
| 504 | _aBibliografía: p. 297-305. | ||
| 600 | 1 | 4 |
_aElías Riquelme, Francisco. _946978 |
| 830 | 0 |
_aCiencias de la comunicación ; _v2 _9186832 |
|
| 852 |
_aES-MaACL _jL-29014 _bR.135481 |
||
| 999 |
_c91961 _d91961 |
||